Miasta najbliżej Morąga - Statystyki

Ogólne statystyki
  • Ten quiz został rozwiązany 19 razy
  • Średni wynik to 18 z 25
Statystyki odpowiedzi
Odległość (km) Miasto % Poprawnych
43 Elbląg
100%
43 Iława
100%
39 Olsztyn
100%
32 Dobre Miasto
92%
49 Lidzbark Warmiński
92%
44 Olsztynek
92%
26 Orneta
92%
24 Pasłęk
92%
51 Barczewo
83%
25 Ostróda
83%
47 Lubawa
75%
14 Miłakowo
75%
45 Susz
75%
23 Zalewo
75%
52 Braniewo
67%
18 Miłomłyn
67%
38 Pieniężno
67%
38 Dzierzgoń
58%
52 Frombork
58%
51 Prabuty
58%
54 Jeziorany
50%
55 Kisielice
50%
33 Młynary
50%
52 Tolkmicko
50%
55 Górowo Iławeckie
42%
Nie znaleziono quizów pasujących do podanych kryteriów
Rozkład punktacji
Procent ludzi z każdym wynikiem
Percentyl według liczby udzielonych odpowiedzi
Twoja historia wyników
Nie rozwiązałeś tego quizu